[Event "SWE-chT 1516"]
[Site "Sweden"]
[Date "2015.11.07"]
[Round "2.3"]
[White "Ahlander, Bjorn"]
[Black "Aronsson, Marten"]
[Result "1-0"]
[WhiteElo "2387"]
[BlackElo "2300"]
[PlyCount "73"]
[EventDate "2015.11.06"]
[EventType "team-tourn"]
[EventRounds "9"]
[EventCountry "SWE"]
[SourceTitle "CBM 169 Extra"]
[Source "ChessBase"]
[SourceDate "2015.12.18"]
[SourceVersion "1"]
[SourceVersionDate "2015.12.18"]
[SourceQuality "1"]
[WhiteTeam "Lunds"]
[BlackTeam "Kungstornet"]
[WhiteTeamCountry "SWE"]
[BlackTeamCountry "SWE"]

1. d4 d5 2. Nf3 Nf6 3. c4 c6 4. Nc3 dxc4 5. a4 Bf5 6. Ne5 e6 7. e3 Bb4 8. Bxc4 0-0 9. g4 Bg6 10. h4 Nbd7 11. Nxg6 hxg6 12. h5 g5 13. f4 Qc7 14. 0-0 Rad8 15. Qf3 Nb6 16. Bb3 gxf4 17. a5 Bxc3 18. bxc3 Nbd5 19. g5 Nh7 20. exf4 c5 21. Ba3 b6 22. Rac1 Rfe8 23. Kh1 Nf8 24. f5 Nh7 25. Rg1 Qf4 26. Qxf4 Nxf4 27. g6 fxg6 28. hxg6 Nf8 29. Rg4 Nd5 30. dxc5 bxa5 31. Re1 Rb8 32. Bc4 Ne7 33. Rxe6 Nxe6 34. Bxe6+ Kf8 35. c6 Rb1+ 36. Kg2 Ra1 37. Bc5 1-0

[Event "SWE-chT 1415 Elite"]
[Site "Sweden"]
[Date "2015.03.07"]
[Round "6"]
[White "Sjodahl, Pontus"]
[Black "Aronsson, Marten"]
[Result "1-0"]
[WhiteElo "2421"]
[BlackElo "2310"]
[PlyCount "137"]
[EventDate "2014.11.21"]
[EventType "team-tourn"]
[EventRounds "9"]
[EventCountry "SWE"]
[SourceTitle "EXT 2018"]
[Source "ChessBase"]
[SourceDate "2017.10.13"]
[SourceVersion "1"]
[SourceVersionDate "2017.10.13"]
[SourceQuality "1"]
[WhiteTeam "Vasteras"]
[BlackTeam "Kungstornet"]
[WhiteTeamCountry "SWE"]
[BlackTeamCountry "SWE"]

1. d4 d5 2. c4 c6 3. Nf3 Nf6 4. Qb3 e6 5. g3 a6 6. Bg2 Nbd7 7. 0-0 Be7 8. Nc3 b5 9. cxd5 cxd5 10. Bf4 Bb7 11. Rfc1 Nh5 12. Bd2 Rc8 13. e3 0-0 14. Ne2 Qb6 15. Ne5 Nhf6 16. Nxd7 Nxd7 17. Bb4 Bxb4 18. Qxb4 Rc4 19. Qe7 Qd8 20. Qxd8 Rxd8 21. Kf1 Rdc8 22. Ke1 Kf8 23. Kd2 Ke7 24. b3 Rxc1 25. Nxc1 Kd6 26. Nd3 Bc6 27. Bf1 a5 28. a3 Nf6 29. f3 Nd7 30. Be2 f6 31. g4 Rh8 32. h4 e5 33. Rc1 Re8 34. Rg1 h6 35. f4 exf4 36. Nxf4 Nf8 37. g5 hxg5 38. hxg5 Ne6 39. gxf6 gxf6 40. Nh5 Rf8 41. Rf1 Ke7 42. Bd3 Bd7 43. Ng3 Nc7 44. Rc1 Kd6 45. e4 Re8 46. Rf1 Ke7 47. Rh1 Rf8 48. Rc1 dxe4 49. Bxe4 Kd6 50. Rc5 Be6 51. Bc2 Kd7 52. Rh5 Rg8 53. Ne4 Rg2+ 54. Kc1 Nd5 55. Nc5+ Ke7 56. Be4 Rg5 57. Rh7+ Bf7 58. Kd2 b4 59. a4 Nc3 60. Bd3 Ke8 61. Bb5+ Nxb5 62. axb5 Rd5 63. Ke3 Rh5 64. b6 Rxh7 65. b7 Rh3+ 66. Kf2 Rh2+ 67. Kg3 Rg2+ 68. Kh3 Rc2 69. b8Q+ 1-0

[Event "SWE-chT 1415 Elite"]
[Site "Sweden"]
[Date "2015.01.17"]
[Round "4"]
[White "Berg, Emanuel"]
[Black "Aronsson, Marten"]
[Result "1-0"]
[WhiteElo "2544"]
[BlackElo "2310"]
[PlyCount "71"]
[EventDate "2014.11.21"]
[EventType "team-tourn"]
[EventRounds "9"]
[EventCountry "SWE"]
[SourceTitle "EXT 2016"]
[Source "ChessBase"]
[SourceDate "2015.10.08"]
[SourceVersion "1"]
[SourceVersionDate "2015.10.08"]
[SourceQuality "1"]
[WhiteTeam "Stockholm Viking"]
[BlackTeam "Kungstornet"]
[WhiteTeamCountry "SWE"]
[BlackTeamCountry "SWE"]

1. e4 e5 2. Nf3 Nc6 3. Bb5 Nf6 4. d3 Bc5 5. Bxc6 dxc6 6. Nbd2 Bg4 7. h3 Bh5 8. Nb3 Bd6 9. g4 Bg6 10. Bg5 h6 11. Bh4 h5 12. Rg1 hxg4 13. hxg4 Qe7 14. Bg5 0-0-0 15. Qe2 Qe6 16. Nh4 Bh7 17. Qf3 Bb4+ 18. c3 Be7 19. Nf5 Bxf5 20. gxf5 Qd6 21. 0-0-0 Ne8 22. Be3 Bf6 23. Bc5 Qd7 24. d4 Nd6 25. Qe2 Rhe8 26. dxe5 Bxe5 27. Kb1 Bf6 28. Qc2 b6 29. f4 Qe7 30. e5 bxc5 31. Na5 Qd7 32. exd6 cxd6 33. Qa4 Qxf5+ 34. Ka1 Qe4 35. Nc4 Kb8 36. Qa6 1-0

[Event "SWE-chT 1415 Elite"]
[Site "Sweden"]
[Date "2014.11.23"]
[Round "3"]
[White "Livner, Anders"]
[Black "Aronsson, Marten"]
[Result "0-1"]
[WhiteElo "2320"]
[BlackElo "2310"]
[PlyCount "74"]
[EventDate "2014.11.21"]
[EventType "team-tourn"]
[EventRounds "9"]
[EventCountry "SWE"]
[SourceTitle "EXT 2016"]
[Source "ChessBase"]
[SourceDate "2015.10.08"]
[SourceVersion "1"]
[SourceVersionDate "2015.10.08"]
[SourceQuality "1"]
[WhiteTeam "Farsta"]
[BlackTeam "Kungstornet"]
[WhiteTeamCountry "SWE"]
[BlackTeamCountry "SWE"]

1. d4 d5 2. c4 c6 3. Nf3 Nf6 4. e3 Bg4 5. cxd5 cxd5 6. Nc3 Qb6 7. Bd3 Nc6 8. Bd2 e6 9. Rc1 Nd7 10. Na4 Qc7 11. b4 a6 12. Qb3 Bd6 13. Nc5 0-0 14. Qc2 Bxc5 15. dxc5 Bxf3 16. gxf3 f5 17. f4 Nf6 18. a4 Qf7 19. b5 axb5 20. axb5 Ne7 21. Bc3 Qh5 22. Qe2 Qh4 23. Qf3 Rfc8 24. Bd4 Ra3 25. Qe2 Ng4 26. Rd1 Rca8 27. h3 Ra2 28. Rd2 Rxd2 29. Qxd2 Ra3 30. Bc2 Ra2 31. c6 bxc6 32. b6 c5 33. Bxc5 Nc6 34. Rf1 Qxh3 35. Qc3 Nh2 36. Bd3 Nxf1 37. Bxf1 Qf3 0-1

[Event "Barcelona Sants op 16th"]
[Site "Barcelona"]
[Date "2014.08.25"]
[Round "4"]
[White "Garcia Martin, Marta"]
[Black "Aronsson, Marten"]
[Result "0-1"]
[WhiteElo "1929"]
[BlackElo "2200"]
[PlyCount "62"]
[EventDate "2014.08.22"]
[EventType "swiss"]
[EventRounds "10"]
[EventCountry "ESP"]
[SourceTitle "CBM 162 Extra"]
[Source "ChessBase"]
[SourceDate "2014.10.17"]
[SourceVersion "1"]
[SourceVersionDate "2014.10.17"]
[SourceQuality "1"]

1. e4 e5 2. Nf3 Nc6 3. Bc4 Nf6 4. d3 h6 5. h3 d6 6. Nc3 Na5 7. Bb3 Nxb3 8. axb3 g6 9. Be3 c5 10. Qd2 Bd7 11. Ne2 Bc6 12. Ng3 Qc7 13. Nh2 d5 14. Ng4 Ng8 15. exd5 Bxd5 16. Qc3 Bd6 17. Ne4 Bxe4 18. dxe4 f5 19. Nh2 Nf6 20. Qc4 Qf7 21. exf5 Qxc4 22. bxc4 gxf5 23. 0-0-0 0-0-0 24. f3 e4 25. Bd2 Rhg8 26. g4 exf3 27. Bxh6 Ne4 28. Nxf3 fxg4 29. Rhe1 Nf2 30. Rd2 gxf3 31. Rxf2 Bg3 0-1